00314nam a2200121Ia 4500008004100000041000800041082001400049100001600063245004500079260003400124300002700158365000700185240624s9999 xx 000 0 und d aeng a004.3 SIE aSIEGEL JOEL aMANAGERS HANDBOOK OF CLIENT SERVER COMPU c2003aSingaporebThomson Asia axvii, : 366 : cm. ; 22 cRS